Algo sobre Blest Gana y su arte de novelar, 1830 a 1920: Discurso de incorporación en la Facultad de Filosofía y Bellas Artes de la Universidad de Chile
Guardado en:
| Autor principal: | |
|---|---|
| Formato: | Libro |
| Lenguaje: | español |
| Publicado: |
Santiago
Imprenta Universitaria
1921
|
| Edición: | 1a. ed |
| Materias: | |
| Etiquetas: |
Agregar Etiqueta
Sin Etiquetas, Sea el primero en etiquetar este registro!
|
MARC
| LEADER | 00000nam a2200000 a 4500 | ||
|---|---|---|---|
| 001 | UCJ3717 | ||
| 003 | CL-VaPUC | ||
| 008 | 070124e19210000CL |||||||||||||||||spa|d | ||
| 082 | 0 | 4 | |a Ch864 |b FUE |2 21 |
| 100 | 0 | |a Fuenzalida Grandón, Alejandro |e author |9 505984 | |
| 245 | 1 | 0 | |a Algo sobre Blest Gana y su arte de novelar, 1830 a 1920: Discurso de incorporación en la Facultad de Filosofía y Bellas Artes de la Universidad de Chile |
| 250 | |a 1a. ed | ||
| 300 | |a 64 p | ||
| 942 | |c BK | ||
| 945 | |d 20070124 00:00:00 |a rinostro | ||
| 260 | |a Santiago |b Imprenta Universitaria |c 1921 | ||
| 500 | |a Retrato del novelista | ||
| 600 | 0 | |a Blest Gana, Alberto |9 344235 | |
| 650 | 0 | |a Novela chilena |9 307631 | |
| 650 | 0 | |a Crítica literaria |9 269189 | |
| 650 | 0 | |a Iconografía |9 267998 | |
| 650 | 7 | |a EPISTOLARIO |2 CL-VaPUC |9 321776 | |
| 583 | |a last modification |c 20070124 00:00:00 |k Rodrigo Vera | ||
| 999 | |c 319839 |d 319837 | ||
| 952 | |0 0 |1 0 |4 0 |6 CH_864_000000000000000_FUE_1921 |7 0 |8 X |9 398235 |a FDOBUD |b FDOBUD |d 2019-11-22 |i 1007416 |o Ch864 FUE 1921 |p 1007416 |r 2019-11-22 |w 2019-11-22 |y BK_X |k BUD | ||